ALL Nebraska Cities - Statistics

General Stats
  • This quiz has been taken 23 times
  • The average score is 78 of 529
Answer Stats
County Municipality % Correct
L Lancaster Lincoln
95%
O Douglas Omaha
95%
G Hall Grand Island
89%
K Buffalo Kearney
79%
N Otoe Nebraska City
79%
B Sarpy Bellevue
74%
S Scotts Bluff Scottsbluff
74%
C Platte Columbus
68%
F Dodge Fremont
68%
N Lincoln North Platte
68%
S Dakota South Sioux City
68%
H Adams Hastings
63%
N Madison Norfolk
63%
W Washington Washington
63%
A Gage Adams
58%
B Gage Beatrice
58%
P Sarpy Papillion
58%
Y York York
58%
A Box Butte Alliance
53%
O Keith Ogallala
53%
C Dawes Chadron
47%
L Sarpy La Vista
47%
O Otoe Otoe
47%
S Seward Seward
47%
V Cherry Valentine
47%
B Nemaha Brock
42%
B Custer Broken Bow
42%
F Franklin Franklin
42%
J Dakota Jackson
42%
M Red Willow McCook
42%
O Holt O'Neill
42%
S Sarpy Springfield
42%
W Wayne Wayne
42%
A Nemaha Auburn
37%
B Washington Blair
37%
D Butler David City
37%
F Richardson Falls City
37%
L Dawson Lexington
37%
M Boyd Monowi
37%
P Cass Plattsmouth
37%
S Cheyenne Sidney
37%
W Lancaster Waverly
37%
A Washington Arlington
32%
D Richardson Dawson
32%
G Scotts Bluff Gering
32%
G Sarpy Gretna
32%
K Kimball Kimball
32%
M Madison Madison
32%
M Kearney Minden
32%
M Platte Monroe
32%
P Polk Polk
32%
S Colfax Schuyler
32%
W Cuming West Point
32%
A Arthur Arthur
26%
B Douglas Bennington
26%
C Merrick Central City
26%
C Saline Crete
26%
D Dodge Dodge
26%
F Saline Friend
26%
G Dawson Gothenburg
26%
G Cass Greenwood
26%
G Boyd Gross
26%
H Sioux Harrison
26%
L Cass Louisville
26%
O Valley Ord
26%
P Pierce Pierce
26%
P Dixon Ponca
26%
S Otoe Syracuse
26%
T Loup Taylor
26%
T Johnson Tecumseh
26%
V Douglas Valley
26%
W Saunders Wahoo
26%
A Brown Ainsworth
21%
A Harlan Alma
21%
A Saunders Ashland
21%
A Hamilton Aurora
21%
B Seward Bee
21%
B Lancaster Bennet
21%
B Douglas Boys Town
21%
B Morrill Bridgeport
21%
B Boyd Butte
21%
C Merrick Clarks
21%
C Dawson Cozad
21%
C Knox Creighton
21%
D Dakota Dakota City
21%
D Kimball Dix
21%
D Otoe Douglas
21%
F Clay Fairfield
21%
G Nance Genoa
21%
G Sheridan Gordon
21%
H Clay Harvard
21%
H York Henderson
21%
H Scotts Bluff Henry
21%
I Chase Imperial
21%
J Nemaha Johnson
21%
L Sherman Loup City
21%
M Scotts Bluff Mitchell
21%
N Knox Niobrara
21%
O Nuckolls Oak
21%
P Nemaha Peru
21%
P Jefferson Plymouth
21%
R Douglas Ralston
21%
R Webster Red Cloud
21%
S Stanton Stanton
21%
S Polk Stromsburg
21%
T Burt Tekamah
21%
T Scotts Bluff Terrytown
21%
U Cass Union
21%
W Douglas Waterloo
21%
A Butler Abie
16%
A Boone Albion
16%
A Dixon Allen
16%
A Kearney Axtell
16%
A Adams Ayr
16%
B Madison Battle Creek
16%
B Morrill Bayard
16%
B Furnas Beaver City
16%
B Deuel Big Springs
16%
B Knox Bloomfield
16%
B Franklin Bloomington
16%
B Webster Blue Hill
16%
B Morrill Broadwater
16%
B Nemaha Brownville
16%
B Butler Bruno
16%
C Hall Cairo
16%
C Custer Callaway
16%
C Furnas Cambridge
16%
C Saunders Cedar Bluffs
16%
C Cass Cedar Creek
16%
C Merrick Chapman
16%
C Clay Clay Center
16%
C Sheridan Clinton
16%
C Saunders Colon
16%
C Burt Craig
16%
C Dawes Crawford
16%
C Knox Crofton
16%
C Hitchcock Culbertson
16%
C Frontier Curtis
16%
D Dixon Dixon
16%
E Cass Eagle
16%
E Cass Elmwood
16%
E Dixon, Dakota, and Thurston Emerson
16%
E Fillmore Exeter
16%
F Jefferson Fairbury
16%
F Washington Fort Calhoun
16%
G Buffalo Gibbon
16%
G Perkins Grant
16%
H Hamilton Hampton
16%
H Sheridan Hay Springs
16%
H Sherman Hazard
16%
H Phelps Holdrege
16%
H Dodge Hooper
16%
I Red Willow Indianola
16%
I Holt Inman
16%
I Saunders Ithaca
16%
K Washington Kennard
16%
L Scotts Bluff Lyman
16%
M Perkins Madrid
16%
M Saunders Mead
16%
M Seward Milford
16%
M Scotts Bluff Morrill
16%
M Hooker Mullen
16%
M Cass Murdock
16%
N Nemaha Nemaha
16%
N Madison and Platte Newman Grove
16%
N Dodge North Bend
16%
N Valley North Loup
16%
O Burt Oakland
16%
O Garden Oshkosh
16%
P Pawnee Pawnee City
16%
P Boone Petersburg
16%
P Stanton Pilger
16%
P Pierce Plainview
16%
P Buffalo Pleasanton
16%
P Cheyenne Potter
16%
R Butler Rising City
16%
R Richardson Rulo
16%
S Dodge Scribner
16%
S Buffalo and Hall Shelton
16%
S Cass South Bend
16%
S Logan Stapleton
16%
S Boone St. Edward
16%
S Howard St. Paul
16%
S Nuckolls Superior
16%
T York Thayer
16%
U Seward Utica
16%
W York Waco
16%
W Lincoln Wallace
16%
W Cass Weeping Water
16%
W Saline Wilber
16%
W Hall Wood River
16%
W Gage Wymore
16%
Y Saunders Yutan
16%
A Hall Alda
11%
A Thayer Alexandria
11%
A Cass Alvo
11%
A Boyd Anoka
11%
A Custer Anselmo
11%
A Custer Ansley
11%
A Furnas Arapahoe
11%
A Valley Arcadia
11%
A Custer Arnold
11%
A Sherman Ashton
11%
A Holt Atkinson
11%
A Phelps Atlanta
11%
B Cuming Bancroft
11%
B Gage Barneston
11%
B Wheeler Bartlett
11%
B Red Willow Bartley
11%
B Rock Bassett
11%
B Seward Beaver Crossing
11%
B Cuming Beemer
11%
B Nance Belgrade
11%
B Butler Bellwood
11%
B Thayer Belvidere
11%
B York Benedict
11%
B Dundy Benkelman
11%
B Phelps Bertrand
11%
B Custer Berwyn
11%
B Webster Bladen
11%
B York Bradshaw
11%
B Butler Brainard
11%
B Blaine Brewster
11%
B Boyd Bristow
11%
B Keith Brule
11%
B Thayer Bruning
11%
B Antelope Brunswick
11%
B Pawnee Burchard
11%
B Otoe Burr
11%
B Keya Paha Burton
11%
B Garfield Burwell
11%
B Kimball Bushnell
11%
C Franklin Campbell
11%
C Thayer Carleton
11%
C Boone Cedar Rapids
11%
C Knox Center
11%
C Saunders Ceresco
11%
C Deuel Chappell
11%
C Thayer Chester
11%
C Colfax Clarkson
11%
C Gage Clatonia
11%
C Antelope Clearwater
11%
C Cherry Cody
11%
C Cedar Coleridge
11%
C Custer Comstock
11%
C Dixon Concord
11%
C Johnson Cook
11%
C Gage Cortland
11%
C Howard Cotesfield
11%
C Webster Cowles
11%
C Johnson Crab Orchard
11%
C Platte Creston
11%
C Cherry Crookston
11%
C Howard Cushing
11%
D Cheyenne Dalton
11%
D Red Willow Danbury
11%
D Howard Dannebrog
11%
D Thayer Davenport
11%
D Burt Decatur
11%
D Saline De Witt
11%
D Hall Doniphan
11%
E Clay Edgar
11%
E Buffalo Elm Creek
11%
E Gosper Elwood
11%
E Holt Ewing
11%
F Gage Filley
11%
F Lancaster Firth
11%
F Nance Fullerton
11%
F Phelps Funk
11%
G Fillmore Geneva
11%
G Hamilton Giltner
11%
G Webster Guide Rock
11%
H Pierce Hadar
11%
H Dundy Haigler
11%
H Hayes Hamlet
11%
H Jefferson Harbine
11%
H Nuckolls Hardy
11%
H Cedar Hartington
11%
H Box Butte Hemingford
11%
H Furnas Hendley
11%
H Washington Herman
11%
H Lincoln Hershey
11%
H Lancaster Hickman
11%
H Franklin Hildreth
11%
H Furnas Holbrook
11%
H Dakota Homer
11%
H Hamilton Hordville
11%
H Wayne Hoskins
11%
H Colfax Howells
11%
H Dakota Hubbard
11%
H Thayer Hubbell
11%
H Richardson Humboldt
11%
H Platte Humphrey
11%
H Grant Hyannis
11%
I Dodge Inglewood
11%
J Jefferson Jansen
11%
J Brown Johnstown
11%
J Nemaha Julian
11%
J Adams Juniata
11%
K Adams Kenesaw
11%
K Cherry Kilgore
11%
L Cedar Laurel
11%
L Nuckolls Lawrence
11%
L Red Willow Lebanon
11%
L Colfax Leigh
11%
L Pawnee Lewiston
11%
L Gage Liberty
11%
L Platte Lindsay
11%
L Sherman Litchfield
11%
L Burt Lyons
11%
M Lancaster Malcolm
11%
M Saunders Malmo
11%
M Lincoln Maxwell
11%
M Frontier Maywood
11%
M Saunders Memphis
11%
M Custer Merna
11%
M Buffalo Miller
11%
M Fillmore Milligan
11%
M Scotts Bluff Minatare
11%
N Antelope Neligh
11%
N Nuckolls Nelson
11%
N Dixon Newcastle
11%
N Dodge Nickerson
11%
O Antelope Oakdale
11%
O Fillmore Ohiowa
11%
O Clay Ong
11%
O Antelope Orchard
11%
O Polk Osceola
11%
O Pierce Osmond
11%
O Dawson Overton
11%
O Furnas and Harlan Oxford
11%
P Holt Page
11%
P Hitchcock and Hayes Palisade
11%
P Otoe Palmyra
11%
P Lancaster Panama
11%
P Keith Paxton
11%
P Thurston Pender
11%
P Platte Platte Center
11%
P Seward Pleasant Dale
11%
R Cedar Randolph
11%
R Buffalo Ravenna
11%
R Lancaster Raymond
11%
R Colfax Richland
11%
R Franklin Riverton
11%
R Lancaster Roca
11%
R Thurston Rosalie
11%
R Adams Roseland
11%
R Sheridan Rushville
11%
S Richardson Salem
11%
S Custer Sargent
11%
S Greeley Scotia
11%
S Polk Shelby
11%
S Fillmore Shickley
11%
S Merrick Silver Creek
11%
S Greeley Spalding
11%
S Jefferson Steele City
11%
S Pawnee Steinauer
11%
S Johnson Sterling
11%
S Dawson Sumner
11%
S Butler Surprise
11%
S Lincoln Sutherland
11%
S Clay Sutton
11%
T Pawnee Table Rock
11%
T Thomas Thedford
11%
T Thurston Thurston
11%
T Madison and Antelope Tilden
11%
U Dodge Uehling
11%
U Otoe Unadilla
11%
V Saunders Valparaiso
11%
V Gage Virginia
11%
W Dixon and Wayne Wakefield
11%
W Thurston Walthill
11%
W Chase Wauneta
11%
W Kearney Wilcox
11%
W Thurston Winnebago
11%
W Wayne Winside
11%
W Cuming Wisner
11%
W Greeley Wolbach
11%
A Buffalo Amherst
5%
A Cass Avoca
5%
B Richardson Barada
5%
B Knox Bazile Mills
5%
B Cedar Belden
5%
B Gage Blue Springs
5%
B Lincoln Brady
5%
B Thayer Byron
5%
C Wayne Carroll
5%
C Holt Chambers
5%
C Seward Cordova
5%
C Platte Cornlea
5%
D Lancaster Davey
5%
D Jefferson Daykin
5%
D Thayer Deshler
5%
D Jefferson Diller
5%
D Saline Dorchester
5%
D Pawnee Du Bois
5%
D Otoe Dunbar
5%
D Platte Duncan
5%
D Butler Dwight
5%
E Dawson Eddyville
5%
E Furnas Edison
5%
E Antelope Elgin
5%
E Johnson Elk Creek
5%
E Perkins Elsie
5%
E Valley Elyria
5%
E Holt Emmet
5%
E Jefferson Endicott
5%
E Frontier Eustis
5%
F Fillmore Fairmont
5%
F Dawson Farnam
5%
F Howard Farwell
5%
F Cedar Fordyce
5%
F Pierce Foster
5%
G Logan Gandy
5%
G Seward Garland
5%
G Butler Garrison
5%
G Thayer Gilead
5%
G Seward Goehner
5%
G Fillmore Grafton
5%
G York Gresham
5%
G Cheyenne Gurley
5%
H Lancaster Hallam
5%
H Thomas and Blaine Halsey
5%
H Hayes Hayes Center
5%
H Kearney Heartwell
5%
H Thayer Hebron
5%
H Adams Holstein
5%
H Harlan Huntley
5%
L Garden Lewellen
5%
L Butler Linwood
5%
L Cheyenne Lodgepole
5%
L Brown Long Pine
5%
L Phelps Loomis
5%
L York Lushton
5%
L Boyd Lynch
5%
M Cedar Magnet
5%
M Cass Manley
5%
M Hamilton Marquette
5%
M Dixon Martinsburg
5%
M Dixon Maskell
5%
M York McCool Junction
5%
M Scotts Bluff McGrew
5%
M Pierce McLean
5%
M Madison Meadow Grove
5%
M Scotts Bluff Melbeta
5%
M Cherry Merriman
5%
M Frontier Moorefield
5%
M Saunders Morse Bluff
5%
M Cass Murray
5%
N Boyd Naper
5%
N Franklin Naponee
5%
N Cass Nehawka
5%
N Cherry Nenzel
5%
N Rock Newport
5%
N Nuckolls Nora
5%
N Kearney Norman
5%
O Cedar Obert
5%
O Custer Oconto
5%
O Butler Octavia
5%
O Gage Odell
5%
O Harlan Orleans
5%
P Merrick Palmer
5%
P Hamilton Phillips
5%
P Gage Pickrell
5%
P Saunders Prague
5%
P Boone Primrose
5%
R Harlan Ragan
5%
R Harlan Republican City
5%
R Jefferson Reynolds
5%
R Antelope Royal
5%
R Nuckolls Ruskin
5%
S Knox Santee
5%
S Richardson Shubert
5%
S Gosper Smithfield
5%
S Dodge Snyder
5%
S Boyd Spencer
5%
S Keya Paha Springview
5%
S Harlan Stamford
5%
S Richardson Stella
5%
S Cedar St. Helena
5%
S Fillmore Strang
5%
S Hitchcock Stratton
5%
S Holt Stuart
5%
S Saline Swanton
5%
T Otoe Talmage
5%
T Saline Tobias
5%
T Hitchcock Trenton
5%
T Clay and Adams Trumbull
5%
U Franklin Upland
5%
V Perkins Venango
5%
V Knox Verdel
5%
V Knox Verdigre
5%
V Richardson Verdon
5%
W Dixon Waterbury
5%
W Knox Wausa
5%
W Lincoln Wellfleet
5%
W Saline Western
5%
W Saunders Weston
5%
W Furnas Wilsonville
5%
W Knox Winnetoon
5%
W Cherry Wood Lake
5%
W Cedar Wynot
5%
D Lancaster Denton
0%
D Clay Deweese
0%
D Blaine Dunning
0%
E Howard Elba
0%
E Wheeler Ericson
0%
G Clay Glenvil
0%
G Greeley Greeley Center
0%
H Howard Howard City (Boelus)
0%
L Chase Lamar
0%
L Saunders Leshara
0%
L Otoe Lorton
0%
M Custer Mason City
0%
P Richardson Preston
0%
P Adams Prosser
0%
R Buffalo Riverdale
0%
R Sherman Rockville
0%
R Colfax Rogers
0%
S Clay Saronville
0%
S Wayne Sholes
0%
S Lancaster Sprague
0%
S Seward Staplehurst
0%
S Hamilton Stockham
0%
S Frontier Stockville
0%
T Platte Tarnov
0%
U Butler Ulysses
0%
W Dawes Whitney
0%
W Dodge Winslow
0%
No matching quizzes found
Score Distribution
Percent of People with Each Score
Percentile by Number Answered
Your Score History
You have not taken this quiz